000 00412nam a2200133Ia 4500
008 231129s9999||||xx |||||||||||||| ||spa||
020 _a84-481-0088-3
040 _bspa
082 _a005.133 M981m (EN PROCESO DE DESCARTE) Ej. 1
100 _aMurray III William H.
245 0 _aManual de Borland C++
264 _aMadrid (EspaƱa): Osborne/McGraw-Hill
942 _2ddc
_cBKS
999 _c20321
_d20321